000 01359nam a2200265 4500
001 123968
003 ES-MaACL
005 20250811065947.0
007 t|
008 070214s1950 sp r ||||1| spa d
100 1 _aRamos Ruiz, Carlos.
_995355
245 1 0 _aCatálogo de la documentación referente a los archivos, bibliotecas y museos arqueológicos que se custodia en el Archivo del Ministerio de Educación Nacional /
_credactado por Carlos Ramos Ruiz ; prólogo de Miguel Bordonau y Más.
260 _aMadrid :
_b[s.n.],
_c1950 (
_fImp. Góngora)
300 _aXVI, 448 p. ;
_c24 cm.
500 _aPrecede al Tit : Cuerpo Facultativo de Archiveros, Bibliotecarios y Arqueólogos.
510 _aCCPB,
_c000771728-8.
610 1 0 _aEspaña.
_bMinisterio de Educación Nacional.
_bArchivo-
_vCatálogos
_9239943
700 1 _aBordonau Mas, Miguel.
_930417
710 2 _aCuerpo Facultativo de Archiveros, Bibliotecarios y Arqueólogos
_93354
852 _aES-MaACL
_jD-6513
_bR.30998
_bR.M.6104
_9128558
_cSVI
_fSello en tinta azul de la Biblioteca del Ateneo de Madrid.
_gAnotación manuscrita a lápiz en cubierta: "55".
_z"15.NOV.1951"
942 _2udc
_cMONOGRAFIA
999 _c123968
_d123968